|
|
|
|
| LEADER |
00000nam0a2200000 4500 |
| 001 |
88165 |
| 005 |
20231031102530.0 |
| 010 |
|
|
|a 5891183927
|
| 035 |
|
|
|a (RuTPU)RU\TPU\book\94645
|
| 090 |
|
|
|a 88165
|
| 100 |
|
|
|a 20051221d2005 k y0rusy50 ca
|
| 101 |
0 |
|
|a rus
|
| 102 |
|
|
|a RU
|
| 105 |
|
|
|a a z 001zy
|
| 200 |
1 |
|
|a Динамика формирования юрского терригенного комплекса Большого Кавказа: седиментология, геохимия, постседиментационные преобразования
|f Ю. О. Гаврилов
|g Российская академия наук, Геологический институт (ГИН РАН) ; Российский фонд фундаментальных исследований (РФФИ)
|
| 210 |
|
|
|a Москва
|c Геос
|d 2005
|
| 215 |
|
|
|a 302 с.
|c ил.
|
| 225 |
1 |
|
|a Труды ГИН (Геологического института РАН)
|v Вып. 555
|
| 320 |
|
|
|a Библиогр.: с. 290-299
|
| 610 |
1 |
|
|a геология
|
| 610 |
1 |
|
|a историческая геология
|
| 610 |
1 |
|
|a стратиграфия
|
| 610 |
1 |
|
|a юрские отложения
|
| 610 |
1 |
|
|a Кавказ
|
| 610 |
1 |
|
|a седиментология
|
| 610 |
1 |
|
|a геохимия
|
| 610 |
1 |
|
|a постседиментационные преобразования
|
| 610 |
1 |
|
|a нижняя юра
|
| 610 |
1 |
|
|a терригенные толщи
|
| 675 |
|
|
|a 551.762.1
|v 3
|
| 700 |
|
1 |
|a Гаврилов
|b Ю. О.
|g Юрий Олегович
|
| 712 |
0 |
2 |
|a Российская академия наук
|b Геологический институт (ГИН РАН)
|c (Москва)
|2 stltpush
|3 (RuTPU)RU\TPU\col\165
|
| 712 |
0 |
2 |
|a Российский фонд фундаментальных исследований (РФФИ)
|c (Москва)
|2 stltpush
|3 (RuTPU)RU\TPU\col\112
|
| 801 |
|
1 |
|a RU
|b 63413507
|c 20051221
|g PSBO
|
| 801 |
|
2 |
|a RU
|b 63413507
|c 20151112
|g PSBO
|
| 942 |
|
|
|c BK
|